Kelahiran, penjagaan dan pendidikan anak cemerlang

Bibliographic Details
Main Author: Buckley, Silma
Other Authors: Zanariah Yahya
Format: Book
Published: Kuala Lumpur : Darul Nu'man , 1994
Subjects:

MARC

LEADER 00000cam a2200000 7i4500
001 0000008949
002 000009750
005 20021009.0
020 |a 9839017756 
090 0 0 |a 306.8743   |b BUC 
100 1 |a Buckley, Silma 
245 1 0 |a Kelahiran, penjagaan dan pendidikan anak cemerlang   |c Silma Buckley ; diselenggarakan oleh Zanariah Yahya 
260 |a Kuala Lumpur :   |b Darul Nu'man ,   |c 1994 
300 |a 142p. ;   |c 22cm. 
650 0 0 |a Muslim women 
700 0 |a Zanariah Yahya 
999 |a 044133   |b BUKU   |c PINJAMAN   |e PERPUSTAKAAN KOMUNITI PETALING JAYA 
999 |a 046586   |b BUKU   |c PINJAMAN   |e PERPUSTAKAAN KOMUNITI CAW KOTA DAMANSARA